000 00463nam a22001697a 4500
005 20241009160916.0
008 241009b |||||||| |||| 00| 0 eng d
020 _a978 0697213617
050 _aQA 79.9.D47 1994
100 _a05/2870
245 _aDESKTOP PUBLISHING USING PAGEMAKER
260 _aDUBUQUE IA
_bBROWN COMMUNICATION
300 _aXV11,558P.
500 _aINCLUDES INDEX
650 _aAldus PageMaker. Desktop publishing.
942 _2lcc
_cBK
999 _c212778
_d212778